LEADER 01067nam0-22003491i-450- 001 990008042190403321 005 20050408093456.0 010 $a0075-8450 035 $a000804219 035 $aFED01000804219 035 $a(Aleph)000804219FED01 035 $a000804219 100 $a20050408d2005----km-y0itay50------ba 101 0 $aeng 102 $aDE 105 $aa---a---101yy 200 1 $aCFN lectures on funtional nanostructures$evol. 1$fK. Bush, A. Powell, C.Röthig...(et al.) (Eds.) 210 $aBerlin [etc.]$cSpringer$dc2005 215 $aXI, 249 p.$cill.$d24 cm 225 1 $aLecture notes in physics$v658 610 0 $aStato solido 702 1$aBusch,$bKurt 702 1$aPowell,$bAnnie 702 1$aRothig,$bChristian 712 12$aCFN Summer School on Functional Nanostructures$f<2003 ;$eBad Herrenalb (Germany)> 801 0$aIT$bUNINA$gRICA$2UNIMARC 901 $aBK 912 $a990008042190403321 952 $a32-254$bD.S.F. 8488$fFI1 959 $aFI1 996 $aCFN lectures on funtional nanostructures$9752629 997 $aUNINA LEADER 00978nam a2200277 i 4500 001 991000217289707536 005 20230418133552.0 008 010810s1974 it ||| | ita 035 $ab10046665-39ule_inst 035 $aPARLA217580$9ExL 040 $aDip.to Filosofia$bita 082 0 $a335.4 100 1 $aTogliatti, Palmiro$0128714 245 10$aComunisti, socialisti, cattolici /$cPalmiro Togliatti ; a cura di Luciano Gruppi 260 $aRoma :$bEditori riuniti,$c1974 300 $a240 p. ;$c20 cm. 650 4$aCattolicesimo e comunismo$zItalia 650 4$aPartito comunista italiano 700 1 $aGruppi, Luciano 830 3$aLe idee ;$v92 907 $a.b10046665$b24-05-11$c27-06-02 912 $a991000217289707536 945 $aLE005 MF 34 B 31$g1$iLE005A-6375$lle005$o-$pE0.00$q-$rl$s-$t0$u0$v0$w0$x0$y.i10054698$z27-06-02 996 $aComunisti, socialisti, cattolici$9193193 997 $aUNISALENTO 998 $ale005$b01-01-01$cm$da$e-$fita$git$h0$i1